Η Καινή Διαθήκη : του κυρίου και σωτήρως ημών Ιησού Χριστού

Αποθηκεύτηκε σε:
Λεπτομέρειες βιβλιογραφικής εγγραφής
Άλλοι συγγραφείς: Βάμβας, Νεόφυτος, 1770-1855 (Μεταφραστής)
Μορφή: Βιβλίο
Γλώσσα:Ancient Greek
Greek
Δημοσίευση: Αθήναι : Γεδαιωνίται, [19--?]
Θέματα:
Ετικέτες: Προσθήκη ετικέτας
Δεν υπάρχουν, Καταχωρήστε ετικέτα πρώτοι!

MARC

LEADER 00000cam a2200000 i 4500
001 1/77501
008 050527q19001980 grc d
035 |l 10078256 
040 |a GR-MY-UA  |b gre  |e aacr 
041 0 |a grc  |a gre 
082 0 |a 225  |2 (21) 
245 1 2 |a Η Καινή Διαθήκη :  |b του κυρίου και σωτήρως ημών Ιησού Χριστού /  |c μετάφρασις υπό του Νεοφύτου Βάμβα 
260 |a Αθήναι :   |b Γεδαιωνίται,   |c [19--?] 
300 |a 632 σ.;  |c 18 εκ. 
600 0 7 |2 nlgaf  |a Ιησούς Χριστός. 
650 0 0 |a Bible. 
700 1 |4 trl  |a Βάμβας, Νεόφυτος,   |d 1770-1855. 
852 |a INST  |b RHODES  |c KRI  |e 20050527  |h  225 ΚΑΙ  |p 005400023433  |q 005400023433  |t BK  |y 0 
901 |a BIBL4-2005-2 
909 |a Ρ  |b 110700 
970 |a ΚΟΖΑ  |b ΜΑΡΙΑ  |z 2005/05/27